• 首页
  • 本馆介绍
  • 公告通知
  • 最新文献
  • 馆藏检索
  • 电子资源
  • 读者导购
  • 参考咨询
  • 我的图书馆
  • 登录
  • 详细信息显示
  • 放入我的书架
  • 预约/预借图书
  • 作者相关作品
  • 分类相关作品
  • 丛书相关作品
  • 出版社相关作品

书目信息

  • 表格格式
  • 工作单格式
  • 卡片格式
题名:
山岳摄影技法
    
 
作者: 中西俊明 著
分册:  
出版信息: 长春   吉林科学技术出版社  1999.1
页数: 191页
开本: 32开
丛书名: 图解摄影技法译丛
单 册:
中图分类: J414
科图分类:
主题词: 摄影技术--普及读物 , 摄影艺术--各种
电子资源:
ISBN: 7-5384-1993-4
000 00675nam2 2200229 45
001 0012251551
005 20031225110552.8
010    @a7-5384-1993-4@dCNY33.50
100    @a20001225d1999 km y0chiy0120 ea
101 0  @achi@cjpn
105    @a z 000yy
200 1  @a山岳摄影技法@AShan Yue She Ying Ji Fa@f(日)中西俊明著@F(Ri)Zhong Xi Jun Ming Zhu
210    @a长春@c吉林科学技术出版社@d1999.1
215    @a191页@c彩图@d32开
225    @a图解摄影技法译丛
410    @12001 @a图解摄影技法译丛
606 0  @a摄影技术@x普及读物
606 0  @a摄影艺术@x各种
690    @aJ414@v1
701  0 @a中西俊明@4著
801    @aCN@bTSTC@c20001225
905    @b294229-238@dJ414@e106@f10
    
    山岳摄影技法/(日)中西俊明著.-长春:吉林科学技术出版社,1999.1
    191页:彩图;32开.-(图解摄影技法译丛)
    
    
    ISBN 7-5384-1993-4:CNY33.50
    
●
相关链接 在E读中查询图书 在五车中查询图书 在当当中查询图书 在豆瓣中查询图书


正题名:山岳摄影技法     索取号:J414/106         预约/预借

序号 登录号 条形码 馆藏地/架位号 状态 备注
1 0294229   002942294   第一借阅区/ [索取号:J414/106] 在馆    
2 0294230   002942301   第一借阅区/ [索取号:J414/106] 在馆    
3 0294231   002942310   第一借阅区/ [索取号:J414/106] 在馆    
4 0294232   002942329   第一借阅区/ [索取号:J414/106] 在馆    
5 0294233   002942338   第一借阅区/ [索取号:J414/106] 在馆    
6 0294234   002942347   第一借阅区/ [索取号:J414/106] 在馆    
7 0294235   002942356   第一借阅区/ [索取号:J414/106] 在馆    
8 0294236   002942365   第一借阅区/ [索取号:J414/106] 在馆    
9 0294237   002942374   第一借阅区/ [索取号:J414/106] 在馆    
10 0294238   002942383   第一样本阅览室/ [索取号:J414/106] 在馆    
唐山师范学院图书馆 欢迎您!
大连网信软件有限公司© 版权所有